| 000 | 00362cam a22001217a 4500 | ||
|---|---|---|---|
| 008 | 180718b1956 xxu||||| |||| 00| 0 eng d | ||
| 082 | _aT4651x73 M145 | ||
| 100 | _aMacdonald, Dwight | ||
| 245 |
_aThe ford foundation: the men and the millions _cby Dwight Macdonald |
||
| 260 |
_aNew York _bReynal and Company _c1956 |
||
| 300 | _a186p. | ||
| 650 | _aFoundation--Ford | ||
| 999 |
_c434836 _d434836 |
||